000 00653nam a22002417a 4500
001 20891
003 BD-RjUL
005 20211209000626.0
008 140302s1989 bg a 000 0 eng
035 _a(BD-RjUL)20953
040 _aDLC
_cDLC
_beng
_dBD-RjUL
041 _aeng
082 0 4 _bAHT 1989
_221
_a822
100 1 _aAhmed, Syeed
_964520
245 1 0 _aThree plays :
_cSayeed Ahmad.
_bthe thing, The milepost, Survival /
250 _a2nd ed.
260 _aDacca :
_bBangla Academy,
_c1989.
300 _a135 p. :
_bill. ;
_c22 cm.
650 _aEnglish drama.
_964626
942 _2ddc
_cBK
999 _c20891
_d20891